000 003360000a22001210004500
020 _a958-08-0029-4
100 1 _aGarcia Pelayo, Ramón
245 1 0 _apracticolarousse ilustrado 3 / Ramon Garcia Pelayo & Gross
260 _a[ s.l. ] Circulo de Lectores
300 _a367-552
500 _aNumeración consecutiva por volúmen
001 563
999 _c47772
_d47772